000 00701nam a2200241Ia 4500
003 OSt
005 20240920141747.0
006 a|||||r|||| 00| 0
007 ta
008 220927b |||||||| |||| 00| 0 eng d
024 _a86717
037 _cTextual
040 _aSDCL
_cSDCL
_beng
041 _2eng
_aeng
082 _aD6,8(B289F4) L2
100 _aDorn, William S.
_9514993
245 0 _aNumerical methods with fortran IV case studies :
260 _c1972.
_aNew York :
_bJohn Wiley & Sons,
300 _axii,447p.
700 _a McCracken, Daniel D.
_9514994
942 _hD6,8(B289F4) L2
_cTEXL
_2CC
999 _c838790
_d838790